LEADER 00985nam0-22002891i-450 001 990001693740403321 005 20190529131325.0 035 $a000169374 035 $aFED01000169374 035 $a(Aleph)000169374FED01 035 $a000169374 100 $a20030910d1970----km-y0itay50------ba 101 0 $aita 200 1 $aRicerche sull'impiego dell'idrazide maleica nella propagazione dell'olivo con la tecnica della nebulizzazione$fGiulio Casella 210 $aBari$c...$d1970 215 $ap. 215-222$d24 cm 300 $aEstr. da: Annali della Facoltà di Agraria Università, Bari, 24,1970. 610 0 $aOlea europaea 676 $a634.63 700 1$aCasella,$bGiulio$0354570 801 0$aIT$bUNINA$gRICA$2UNIMARC 901 $aLG 912 $a990001693740403321 952 $a60 OP. 84/63$b44226$fFAGBC 959 $aFAGBC 996 $aRicerche sull'impiego dell'idrazide maleica nella propagazione dell'olivo con la tecnica della nebulizzazione$9360640 997 $aUNINA